000
00318pab a2200145 454500
008
180718b2004 xxu||||| |||| 00| 0 eng d
100
_a
Sen, Sarkar
245
_a
Judicial accountability
260
_c
2004
300
_a
p.17-19.
362
_a
Nov
650
_a
Judiciary
773
_a
CBI Bulletin
909
_a
64248
999
_c
64248
_d
64248